| 000 | 01797nam a2200385 c 4500 | ||
|---|---|---|---|
| 003 | BLK | ||
| 005 | 20250220095256.0 | ||
| 008 | 180410b bul|||||r ||||||| ||bul|| | ||
| 010 | _aKNG00156670000 | ||
| 020 |
_a978-619-7076-01-1 _bиздат.: ИПК Родина |
||
| 040 | _aBLK | ||
| 041 |
_aBUL _cBUL |
||
| 072 | 7 |
_2bullib _aН30 _xОбществени науки Н |
|
| 080 |
_aМеждународни политически отношения. Световна политика. Международна политика. Дипломация _b327 _x(100) _z327(100) |
||
| 100 | 1 |
_aКемп, Фредерик _eпърви автор _9330928 |
|
| 700 | 1 |
_aРайчинов, Влади _eпрев. _9372330 |
|
| 139 |
_aКемп, Фредерик _bК 50 |
||
| 245 | 1 | 0 |
_aБерлин 1961 _bКенеди, Хрушчов и най-опасното място на земята _cФредерик Кемп; прев. Влади Райчинов. |
| 257 | _aBGR | ||
| 260 |
_аСофия _bИПК Родина _c2013 |
||
| 300 |
_a543 с., 16 л. _bсн., факс. _c23 см |
||
| 380 | _a3 | ||
| 500 | _aОриг. загл. Berlin 1961 : Kennedy, Khrushchev, and the Most Dangerous Place on Earth / Frederick Kempe. - Библиогр. с. 525-540. - Бел. под линия. | ||
| 650 | 0 |
_aМеждународни отношения _9245477 |
|
| 650 | 4 |
_aМеждународна политика _9254556 |
|
| 653 | _aмеждународна политика | ||
| 653 | _aмеждународни политически отношения | ||
| 659 | _aН | ||
| 852 | _aЦб 268123 | ||
| 856 | 4 |
_qpdf _u |
|
| 856 | 4 |
_qpdf _u |
|
| 942 |
_cKNG _n0 _09 |
||
| 944 |
_aCR _c14.02.2014 _lВиолета Тройчева _k30552 |
||
| 944 |
_aED _c27.08.2014 _lф / _k |
||
| 999 |
_c150348 _d150348 |
||